| Tag |
First Indicator |
Second Indicator |
Subfields |
| LEADER |
00000cam a2200000Ma 4500 |
| 001 |
in00004602913 |
| 006 |
m o d |
| 007 |
cr |n||||||||| |
| 008 |
111006s2011 maua ob 100 0 eng d |
| 005 |
20221121162731.6 |
| 035 |
|
|
|a (MaCbMITP)9123
|
| 040 |
|
|
|a OCoLC-P
|b eng
|e pn
|c OCoLC-P
|
| 020 |
|
|
|a 0262298937
|q (electronic bk.)
|
| 020 |
|
|
|a 9780262298933
|q (electronic bk.)
|
| 020 |
|
|
|a 9780262299831
|q (electronic bk.)
|
| 020 |
|
|
|a 0262299836
|q (electronic bk.)
|
| 020 |
|
|
|a 1283258811
|
| 020 |
|
|
|a 9781283258814
|
| 020 |
|
|
|z 9780262516815
|q (pbk. ;
|q alk. paper)
|
| 020 |
|
|
|z 0262516810
|q (pbk. ;
|q alk. paper)
|
| 035 |
|
|
|a (OCoLC)756280768
|z (OCoLC)754329767
|z (OCoLC)816862217
|z (OCoLC)961496977
|z (OCoLC)962719069
|z (OCoLC)966111222
|z (OCoLC)988534239
|z (OCoLC)992076285
|z (OCoLC)1037912029
|z (OCoLC)1038623587
|z (OCoLC)1055400411
|z (OCoLC)1081238103
|
| 035 |
|
|
|a (OCoLC-P)756280768
|
| 050 |
|
4 |
|a TJ210.3
|b .R6435 2011eb
|
| 072 |
|
7 |
|a TEC
|x 037000
|2 bisacsh
|
| 082 |
0 |
4 |
|a 629.8/92
|2 22
|
| 111 |
2 |
|
|a Robotics: Science and Systems Conference
|n (6th :
|d 2010 :
|c Zaragoza, Spain)
|
| 245 |
1 |
0 |
|a Robotics :
|b science and systems VI /
|c edited by Yoky Matsuoka, Hugh Durrant-Whyte, and José Neira.
|
| 260 |
|
|
|a Cambridge, MA :
|b MIT Press,
|c ©2011.
|
| 300 |
|
|
|a 1 online resource (xviii, 322 pages) :
|b illustrations
|
| 336 |
|
|
|a text
|b txt
|2 rdacontent
|
| 337 |
|
|
|a computer
|b c
|2 rdamedia
|
| 338 |
|
|
|a online resource
|b cr
|2 rdacarrier
|
| 500 |
|
|
|a "This volume contains the 40 papers presented at Robotics: Science and Systems (RSS) 2010, held at the University of Zaragoza in Spain, from June 27 to June 30, 2010"--Preface.
|
| 520 |
|
|
|a Papers from a flagship robotics conference that cover topics ranging from kinematics to human-robot interaction and robot perception.
|
| 588 |
|
|
|a OCLC-licensed vendor bibliographic record.
|
| 650 |
|
0 |
|a Robotics
|v Congresses.
|
| 653 |
|
|
|a COMPUTER SCIENCE/Robotics & Agents
|
| 655 |
|
7 |
|a Electronic books.
|2 local
|
| 700 |
1 |
|
|a Matsuoka, Yoky.
|
| 700 |
1 |
|
|a Durrant-Whyte, Hugh F.,
|d 1961-
|
| 700 |
1 |
|
|a Neira, José.
|
| 856 |
4 |
0 |
|u http://proxy.library.tamu.edu/login?url=https://doi.org/10.7551/mitpress/9123.001.0001?locatt=mode:legacy
|z Connect to the full text of this electronic book
|t 0
|
| 955 |
|
|
|a MIT D2O ebooks
|
| 999 |
f |
f |
|s f969737e-24b5-4737-8994-d362612813f9
|i f434dfea-55bb-4446-9c5a-4efc65848e79
|t 0
|
| 952 |
f |
f |
|a Texas A&M University
|b College Station
|c Electronic Resources
|d Available Online
|t 0
|e TJ210.3 .R6435 2011eb
|h Library of Congress classification
|
| 998 |
f |
f |
|a TJ210.3 .R6435 2011eb
|t 0
|l Available Online
|